Statistics for Biggest European Cities in 1930

Click here to take the quiz!

General Stats

  • This quiz has been taken 101 times
    (81 since last reset)
  • The average score is 57 of 80

Answer Stats

HintAnswer% Correct
๐Ÿ‡ฌ๐Ÿ‡ง 8,098 kLondon
100%
๐Ÿ‡ซ๐Ÿ‡ท 5,674 kParis
98%
๐Ÿ‡ฉ๐Ÿ‡ช 4,332 kBerlin
97%
๐Ÿ‡ท๐Ÿ‡บ 2,019 kMoscow
95%
๐Ÿ‡ท๐Ÿ‡บ 2,009 kSaint Petersburg
95%
๐Ÿ‡ต๐Ÿ‡ฑ 1,178 kWarsaw
95%
๐Ÿ‡ง๐Ÿ‡ช 1,205 kBrussels
93%
๐Ÿ‡ญ๐Ÿ‡บ 1,442 kBudapest
93%
๐Ÿ‡ฉ๐Ÿ‡ฐ 771 kCopenhagen
93%
๐Ÿ‡ช๐Ÿ‡ธ 863 kMadrid
93%
๐Ÿ‡ฎ๐Ÿ‡น 960 kMilan
93%
๐Ÿ‡จ๐Ÿ‡ฟ 950 kPrague
93%
๐Ÿ‡ฎ๐Ÿ‡น 930 kRome
93%
๐Ÿ‡ฆ๐Ÿ‡น 1,935 kVienna
93%
๐Ÿ‡ช๐Ÿ‡ธ 1,005 kBarcelona
92%
๐Ÿ‡ฌ๐Ÿ‡ง 766 kManchester
92%
๐Ÿ‡ณ๐Ÿ‡ฑ 757 kAmsterdam
88%
๐Ÿ‡ท๐Ÿ‡ด 639 kBucharest
88%
๐Ÿ‡ฉ๐Ÿ‡ช 1,145 kHamburg
88%
๐Ÿ‡ฌ๐Ÿ‡ง 846 kLiverpool
88%
๐Ÿ‡ฉ๐Ÿ‡ช 728 kMunich
88%
๐Ÿ‡ฎ๐Ÿ‡น 831 kNaples
88%
๐Ÿ‡ฌ๐Ÿ‡ง 1,088 kGlasgow
86%
๐Ÿ‡น๐Ÿ‡ท 1,022 kIstanbul
86%
๐Ÿ‡ซ๐Ÿ‡ท 800 kMarseille
86%
๐Ÿ‡ฉ๐Ÿ‡ช 740 kCologne
85%
๐Ÿ‡ฎ๐Ÿ‡ช 505 kDublin
85%
๐Ÿ‡บ๐Ÿ‡ฆ 578 kKyiv
85%
๐Ÿ‡ฉ๐Ÿ‡ช 540 kFrankfurt am Main
81%
๐Ÿ‡ต๐Ÿ‡น 591 kLisbon
81%
๐Ÿ‡ซ๐Ÿ‡ท 579 kLyon
81%
๐Ÿ‡ณ๐Ÿ‡ฑ 582 kRotterdam
81%
๐Ÿ‡ฌ๐Ÿ‡ท 811 kAthens
80%
๐Ÿ‡ฌ๐Ÿ‡ง 1,002 kBirmingham
78%
๐Ÿ‡ฉ๐Ÿ‡ช 633 kDresden
78%
๐Ÿ‡ธ๐Ÿ‡ช 502 kStockholm
78%
๐Ÿ‡ฌ๐Ÿ‡ง 439 kEdinburgh
76%
๐Ÿ‡ฌ๐Ÿ‡ง 646 kLeeds
76%
๐Ÿ‡ง๐Ÿ‡ฌ 287 kSofia
76%
๐Ÿ‡ฎ๐Ÿ‡น 590 kTurin
76%
๐Ÿ‡ฎ๐Ÿ‡น 304 kFlorence
75%
๐Ÿ‡ฉ๐Ÿ‡ช 416 kNuremberg
75%
๐Ÿ‡ฎ๐Ÿ‡น 379 kPalermo
75%
๐Ÿ‡ฉ๐Ÿ‡ช 477 kDรผsseldorf
71%
๐Ÿ‡ฉ๐Ÿ‡ช 718 kLeipzig
71%
๐Ÿ‡จ๐Ÿ‡ฟ 283 kBrno
69%
๐Ÿ‡บ๐Ÿ‡ฆ 411 kOdessa
69%
๐Ÿ‡ฉ๐Ÿ‡ช 377 kStuttgart
69%
๐Ÿ‡บ๐Ÿ‡ฆ 417 kKharkiv
68%
๐Ÿ‡จ๐Ÿ‡ญ 317 kZรผrich
68%
๐Ÿ‡ฎ๐Ÿ‡น 590 kGenoa
64%
๐Ÿ‡ฉ๐Ÿ‡ช 647 kEssen
63%
๐Ÿ‡ฉ๐Ÿ‡ช 445 kHannover
63%
๐Ÿ‡ต๐Ÿ‡ฑ 605 kลรณdลบ
63%
๐Ÿ‡ฑ๐Ÿ‡ป 377 kRiga
63%
๐Ÿ‡ต๐Ÿ‡ฑ 625 kWrocล‚aw
63%
๐Ÿ‡ง๐Ÿ‡ช 308 kAntwerp
61%
๐Ÿ‡ฉ๐Ÿ‡ช 306 kBremen
61%
๐Ÿ‡ฉ๐Ÿ‡ช 535 kDortmund
61%
๐Ÿ‡ฌ๐Ÿ‡ง 326 kNewcastle upon Tyne
61%
๐Ÿ‡ฌ๐Ÿ‡ง 384 kBristol
58%
๐Ÿ‡บ๐Ÿ‡ฆ 312 kLviv
58%
๐Ÿ‡ฌ๐Ÿ‡ง 562 kSheffield
58%
๐Ÿ‡ณ๐Ÿ‡ฑ 432 kThe Hague
58%
๐Ÿ‡ช๐Ÿ‡ธ 320 kValencia
58%
๐Ÿ‡ฌ๐Ÿ‡ง 415 kBelfast
54%
๐Ÿ‡ท๐Ÿ‡บ 350 kNizhny Novgorod
54%
๐Ÿ‡ฉ๐Ÿ‡ช 441 kDuisburg
51%
๐Ÿ‡ท๐Ÿ‡บ 425 kRostov-on-Don
51%
๐Ÿ‡บ๐Ÿ‡ฆ 320 kDnipro
46%
๐Ÿ‡ท๐Ÿ‡บ 315 kKaliningrad
44%
๐Ÿ‡ฉ๐Ÿ‡ช 320 kBochum
37%
๐Ÿ‡ฉ๐Ÿ‡ช 414 kWuppertal
37%
๐Ÿ‡ฌ๐Ÿ‡ช 294 kTbilisi
36%
๐Ÿ‡ฉ๐Ÿ‡ช 307 kMagdeburg
34%
๐Ÿ‡ฌ๐Ÿ‡ง 434 kBradford
32%
๐Ÿ‡ฌ๐Ÿ‡ง 309 kKingston upon Hull
31%
๐Ÿ‡ฉ๐Ÿ‡ช 361 kChemnitz
29%
๐Ÿ‡ท๐Ÿ‡บ 277 kSaratov
24%
๐Ÿ‡ฉ๐Ÿ‡ช 334 kGelsenkirchen
17%

Score Distribution

Percentile by Number Answered

Percent of People with Each Score

Your Score History

You have not taken this quiz since the last reset